| 000 | 004680000a22001570004500 | ||
|---|---|---|---|
| 003 | LK-CoMWRAF | ||
| 008 | 230817t ||||| |||| 00| 0 eng d | ||
| 020 | _a9789551741037 | ||
| 040 |
_aLK-CoMWRAF _dLK-CoMWRAF _eLK-CoMWRAF |
||
| 041 | _aeng | ||
| 100 | _aBoyle, Richard | ||
| 245 |
_aSindbad in Serendib _bStrange tales and curious aspects of Sri Lanka |
||
| 260 |
_bVisidunu Prakashakayo (Pvt) Ltd. _aBoralesgamuwa (Sei Lanka) _c2008 |
||
| 300 | _ap.294 | ||
| 942 | _cBK | ||
| 999 |
_c2220 _d2220 |
||